Critical Thinking, Reading, and Writing : (Record no. 15464)
[ view plain ]
| 000 -LEADER | |
|---|---|
| fixed length control field | 01013cam a2200313 a 4500 |
| 001 - CONTROL NUMBER | |
| control field | 16049549 |
| 005 - DATE AND TIME OF LATEST TRANSACTION | |
| control field | 20160728115134.0 |
| 008 - FIXED-LENGTH DATA ELEMENTS--GENERAL INFORMATION | |
| fixed length control field | 100111s2011 maua 000 0 eng |
| 010 ## - LIBRARY OF CONGRESS CONTROL NUMBER | |
| LC control number | 2010920412 |
| 020 ## - INTERNATIONAL STANDARD BOOK NUMBER | |
| International Standard Book Number | 0312601603 (alk. paper) |
| 020 ## - INTERNATIONAL STANDARD BOOK NUMBER | |
| International Standard Book Number | 9780312601607 (alk. paper) |
| 040 ## - CATALOGING SOURCE | |
| Original cataloging agency | DLC |
| Transcribing agency | DLC |
| 042 ## - AUTHENTICATION CODE | |
| Authentication code | pcc |
| 050 00 - LIBRARY OF CONGRESS CALL NUMBER | |
| Classification number | PE1431 |
| Item number | .C75 2011 |
| 082 ## - DEWEY DECIMAL CLASSIFICATION NUMBER | |
| Edition number | 22 |
| Classification number | 370.152 |
| Item number | BAR |
| 245 00 - TITLE STATEMENT | |
| Title | Critical Thinking, Reading, and Writing : |
| Remainder of title | A Brief Guide to Argument / |
| Statement of responsibility, etc | Sylvan Barnet, Hugo Bedau. |
| 250 ## - EDITION STATEMENT | |
| Edition statement | 7th ed. |
| 260 ## - PUBLICATION, DISTRIBUTION, ETC. (IMPRINT) | |
| Place of publication, distribution, etc | Boston, MA : |
| Name of publisher, distributor, etc | Bedford/St. Martins, 2011 |
| Date of publication, distribution, etc | 2011. |
| 300 ## - PHYSICAL DESCRIPTION | |
| Extent | xxiv, 561 p. : |
| Other physical details | ill ; |
| Dimensions | 23 cm. |
| 650 #0 - SUBJECT ADDED ENTRY--TOPICAL TERM | |
| Topical term or geographic name as entry element | English language |
| General subdivision | Rhetoric. |
| 9 (RLIN) | 24404 |
| 650 #0 - SUBJECT ADDED ENTRY--TOPICAL TERM | |
| Topical term or geographic name as entry element | Critical thinking. |
| 9 (RLIN) | 24406 |
| 650 #0 - SUBJECT ADDED ENTRY--TOPICAL TERM | |
| Topical term or geographic name as entry element | Reasoning. |
| 9 (RLIN) | 24407 |
| 653 ## - INDEX TERM--UNCONTROLLED | |
| Resource For college | |
| -- | |
| Arrived date list | May2011 |
| 650 #0 - SUBJECT ADDED ENTRY--TOPICAL TERM | |
| 9 (RLIN) | 24405 |
| Topical term or geographic name as entry element | Persuasion (Rhetoric) |
| 700 1# - ADDED ENTRY--PERSONAL NAME | |
| Personal name | Barnet, Sylvan. |
| 9 (RLIN) | 24408 |
| 700 1# - ADDED ENTRY--PERSONAL NAME | |
| Personal name | Bedau, Hugo Adam. |
| 9 (RLIN) | 24409 |
| 942 ## - ADDED ENTRY ELEMENTS (KOHA) | |
| Source of classification or shelving scheme | Dewey Decimal Classification |
| Item type | Book - Borrowing |
| Withdrawn status | Item status | Source of classification or shelving scheme | Damaged status | Not for loan | Vendor | Home library | Current library | Shelving location | Date acquired | Source of acquisition | Cost, normal purchase price | Serial Enumeration / chronology | Total Checkouts | Total Renewals | Full call number | Barcode | Date last seen | Date last borrowed | Koha item type |
|---|---|---|---|---|---|---|---|---|---|---|---|---|---|---|---|---|---|---|---|
| Dewey Decimal Classification | Baccah | Central Library | Central Library | First floor | 29/05/2011 | 288.00 | 12344 | 7 | 14 | 370.152 BAR | 000023789 | 15/07/2025 | 01/03/2022 | Book - Borrowing |